| 000 | 01427cam a22003497a 4500 | ||
|---|---|---|---|
| 003 | CHAP | ||
| 005 | 20220329140043.0 | ||
| 008 | 971013d1981 mx r 00110 spa d | ||
| 010 | _a46303 | ||
| 011 | _a47275 | ||
| 035 | _a51417 | ||
| 040 | _cCHAP | ||
| 082 |
_a378.4727 _bU5 |
||
| 110 | 2 |
_aUniversidad Autónoma de Chiapas. Dirección de Planeación y Estadística _9116310 |
|
| 245 | 1 | 0 |
_aAnuario estadístico 19 - 19 _c/por Universidad Autónoma de Chiapas. Dirección de Planeación y Estadística |
| 260 |
_aTuxtla Gutiérrez : _bUniversidad Autónoma de Chiapas. Dirección de Planeación y Estadística, _c19 - 19 |
||
| 300 | _av. | ||
| 500 | _aContinúa como : Universidad Autónoma de Chiapas. Dirección General de Planeación | ||
| 500 | _aLa biblioteca tiene: 1983-84, 1991-92 | ||
| 590 |
_aBATCH-UPD _b10 _c20130109 _lUCH01 _h2321 |
||
| 590 |
_aBATCH-UPD _b10 _c20130110 _lUCH01 _h2227 |
||
| 590 |
_aBATCH-UPD _b10 _c20130409 _lUCH01 _h1844 |
||
| 590 |
_aBATCH-UPD _b10 _c20130410 _lUCH01 _h1523 |
||
| 590 |
_aBATCH-UPD _b10 _c20130914 _lUCH01 _h1244 |
||
| 590 |
_aCONVERSION _b10 _c20130109 _lUCH01 _h1325 |
||
| 650 | 1 | 4 |
_aEducación superior _xChiapas. _935613 |
| 650 | 1 | 4 |
_aEstadística _xAnuarios. _938243 |
| 901 | _aBK | ||
| 942 | _cLIBRO | ||
| 949 |
_a378.4727 U5 _bBC _cLIBRO _d33724000441572 _eLIBRO _f1983-84 _h67583 _i51417 _si |
||
| 949 |
_a378.4727 U5 _bBC _cLIBRO _d33724000441721 _eLIBRO _f1991-92 _h84154 _i51417 _si |
||
| 999 |
_c46303 _d46303 |
||